[Event "22nd European Teams"]
[Site "Batumi GEO"]
[Date "2019.10.30"]
[Round "6.14"]
[Board "1"]
[White "Andersen, Mads"]
[Black "Nyback, Tomi"]
[Result "1/2-1/2"]
[WhiteTitle "GM"]
[BlackTitle "GM"]
[WhiteElo "2601"]
[BlackElo "2565"]
[WhiteTeam "Denmark"]
[BlackTeam "Finland"]
[WhiteFideId "1413864"]
[BlackFideId "503142"]
[EventDate "2019.10.24"]

1. e4 e5 2. Nf3 Nc6 3. Bb5 a6 4. Ba4 Nf6 5. O-O Be7 6. Re1 b5 7. Bb3 O-O 8. a4
b4 9. d4 d6 10. dxe5 dxe5 11. Nbd2 Bc5 12. a5 Ng4 13. Rf1 Be6 14. Bxe6 fxe6 15.
Qe2 Nd4 16. Qc4 Qd6 17. h3 Nxf3+ 18. Nxf3 Nxf2 19. Rxf2 Qd1+ 20. Qf1 Qxc2 21.
Qe1 Bxf2+ 22. Qxf2 Qxe4 23. Be3 Rf5 24. Re1 Qd5 25. Qh4 c5 26. Rc1 Rc8 27. Qc4
e4 28. Nd2 Rc6 29. g4 Rf7 30. Qxe4 Qxe4 31. Nxe4 c4 32. Kg2 Rfc7 33. Kf3 e5 34.
Ke2 h6 35. Rd1 c3 36. bxc3 bxc3 37. Rd8+ Kf7 38. Kd1 c2+ 39. Kc1 Ke7 40. Rd3 Rc4
41. Nd2 Rc3 42. Bb6 Rxd3 43. Bxc7 Ke6 44. Kxc2 Rxh3 45. Ne4 Kd5 46. Nf2 Rf3 47.
Bb6 e4 48. Kd2 g6 49. Ke2 h5 50. Bd8 Ra3 51. gxh5 gxh5 52. Nd1 Ke5 53. Nf2 Kf4
54. Bc7+ Kf5 55. Bd8 Rb3 56. Nd1 Rd3 57. Bh4 Kf4 58. Be1 Ra3 59. Bd2+ Ke5 60.
Be1 Rh3 61. Nf2 Rb3 62. Nd1 Ra3 63. Bc3+ Kd5 64. Be1 Kc4 65. Ne3+ Kc5 66. Nf5
Rh3 67. Bf2+ Kb5 68. Be1 Rh2+ 69. Ke3 Rh1 70. Ke2 Rxe1+ 71. Kxe1 Kxa5 72. Ng3 h4
73. Nxe4 Kb4 74. Nd2 a5 75. Kf2 a4 76. Nb1 Kb3 77. Kg2 Kb2 78. Nd2 Kc2 79. Nc4
Kc3 80. Na3 Kb3 81. Nb1 a3 82. Nxa3 Kxa3 83. Kh3 Ka2 84. Kxh4 1/2-1/2

[Event "22nd European Teams"]
[Site "Batumi GEO"]
[Date "2019.10.30"]
[Round "6.14"]
[Board "2"]
[White "Keinanen, Toivo"]
[Black "Hansen, Sune Berg"]
[Result "1-0"]
[WhiteTitle "FM"]
[BlackTitle "GM"]
[WhiteElo "2428"]
[BlackElo "2573"]
[WhiteTeam "Finland"]
[BlackTeam "Denmark"]
[WhiteFideId "509825"]
[BlackFideId "1400266"]
[EventDate "2019.10.24"]

1. d4 Nf6 2. c4 g6 3. Nc3 Bg7 4. e4 d6 5. Be2 Nbd7 6. Be3 e5 7. Nf3 O-O 8. O-O
Re8 9. dxe5 dxe5 10. b4 b6 11. Qc2 a5 12. b5 Bb7 13. Rfd1 Qc8 14. Nd5 Bf8 15.
Bg5 Bxd5 16. cxd5 h6 17. Be3 Kg7 18. Nd2 Nc5 19. Bf3 Qd8 20. Nc4 Rc8 21. Nxa5
Ra8 22. Nc6 Qd6 23. a4 Nb7 24. Rdc1 Nd7 25. Qc3 Qf6 26. a5 Bc5 27. Bg4 Bxe3 28.
Qxe3 Ndc5 29. Bf3 Nd6 30. Rxc5 bxc5 31. Qxc5 Nb7 32. Qc3 Qd6 33. Be2 Nc5 34. Qb4
f5 35. exf5 gxf5 36. Rc1 Ne4 37. Qb3 Nf6 38. Bc4 f4 39. b6 cxb6 40. axb6 Ra3 41.
Qb2 f3 42. b7 Nd7 43. Bb5 Rf8 44. b8=Q Nxb8 45. Nxe5 Kg8 46. Nxf3 Ra7 47. Nd4
Qf6 48. Qd2 Rb7 49. Bd3 Nd7 50. h3 Ne5 51. Be4 Kh8 52. Nf5 Rb2 53. Qc3 Re8 54.
d6 Nd7 55. Qc6 Rd8 56. Qc7 Rd2 57. Nxh6 Qxf2+ 58. Kh1 Qf6 59. Qxd8+ 1-0

[Event "22nd European Teams"]
[Site "Batumi GEO"]
[Date "2019.10.30"]
[Round "6.14"]
[Board "3"]
[White "Thybo, Jesper Sondergaard"]
[Black "Sipila, Vilka"]
[Result "1-0"]
[WhiteTitle "IM"]
[BlackTitle "IM"]
[WhiteElo "2550"]
[BlackElo "2405"]
[WhiteTeam "Denmark"]
[BlackTeam "Finland"]
[WhiteFideId "1438832"]
[BlackFideId "505455"]
[EventDate "2019.10.24"]

1. d4 d5 2. c4 e6 3. Nf3 c6 4. Qc2 Nf6 5. g3 c5 6. dxc5 d4 7. e3 dxe3 8. Bxe3
Ng4 9. Bg5 Qa5+ 10. Qd2 Qxd2+ 11. Nbxd2 Bxc5 12. Ne4 Bb4+ 13. Bd2 Bxd2+ 14.
Nfxd2 Ke7 15. Bg2 Rd8 16. c5 Na6 17. Nb3 Ne5 18. Ke2 Rb8 19. Rhd1 Bd7 20. Nd6
Bc6 21. Bxc6 Nxc6 22. Nb5 Nab4 23. a3 Nd5 24. Rac1 e5 25. Nd6 Ke6 26. f4 exf4
27. Rc4 Ne5 28. Re4 f3+ 29. Kf2 f6 30. Nd4+ Kd7 31. Nxf3 Nxf3 32. Rxd5 Kc6 33.
Rh5 Ne5 34. b4 b6 35. Nc4 Nd3+ 36. Ke3 bxc5 37. Re6+ Kc7 38. Re7+ Kc6 39. Na5+
Kb6 40. Re6+ Kb5 41. Nc6 Ne5 42. Nxb8 Rxb8 43. Re7 cxb4 44. axb4 Kxb4 45. Rxa7
g6 46. Rhxh7 Kc5 47. Rhb7 Re8 48. Kf4 Nd3+ 49. Kg4 Ne5+ 50. Kh3 Kd5 51. Ra6 f5
52. Rb5+ Kc4 53. Rb2 g5 54. Rf2 Rh8+ 55. Kg2 Ng4 56. Rc2+ Kd3 57. Rc5 Rxh2+ 58.
Kg1 Rh3 59. Ra3+ Ke4 60. Rc4+ Kd5 61. Rb4 Kc5 62. Rba4 Kd5 63. Ra5+ Ke4 64.
R5a4+ Kd5 65. Rd3+ Ke6 66. Rb3 Kd5 67. Ra5+ Ke6 68. Rb6+ Kd7 69. Ra7+ Kc8 70.
Kg2 Rh2+ 71. Kg1 Rh3 72. Rg6 Rxg3+ 73. Kf1 Kb8 74. Rf7 Rc3 75. Rxg5 Nh2+ 76. Ke2
Rc2+ 77. Kd3 Rc7 78. Rfxf5 Rh7 79. Ke2 Rh4 80. Kf2 Rg4 81. Rh5 1-0

[Event "22nd European Teams"]
[Site "Batumi GEO"]
[Date "2019.10.30"]
[Round "6.14"]
[Board "4"]
[White "Nyysti, Sampsa"]
[Black "Bjerre, Jonas Buhl"]
[Result "1-0"]
[WhiteTitle "IM"]
[BlackTitle "IM"]
[WhiteElo "2335"]
[BlackElo "2506"]
[WhiteTeam "Finland"]
[BlackTeam "Denmark"]
[WhiteFideId "502138"]
[BlackFideId "1444948"]
[EventDate "2019.10.24"]

1. e4 c5 2. Nf3 d6 3. d4 cxd4 4. Nxd4 Nf6 5. Nc3 a6 6. Nb3 Nbd7 7. a4 b6 8. g4
Bb7 9. Bg2 Rc8 10. g5 Rxc3 11. bxc3 Nxe4 12. O-O e6 13. Qd4 Qa8 14. Re1 Nec5 15.
Bxb7 Qxb7 16. Nxc5 bxc5 17. Qe4 d5 18. Qf3 Be7 19. Bf4 Nb6 20. Rab1 Qc6 21. c4
Nxc4 22. Rb8+ Bd8 23. g6 f6 24. Qh3 e5 25. Qxh7 Rf8 26. Qxg7 Qd7 27. Rxd8+ Qxd8
28. Bh6 Qe7 29. Qxf8+ Qxf8 30. Bxf8 Kxf8 31. h4 Kg7 32. h5 Nd6 33. Rb1 Kh6 34.
Rb6 Ne8 35. Rb8 1-0

[Event "22nd European Teams"]
[Site "Batumi GEO"]
[Date "2019.10.30"]
[Round "6.15"]
[Board "1"]
[White "Iordachescu, Viorel"]
[Black "Kulaots, Kaido"]
[Result "1-0"]
[WhiteTitle "GM"]
[BlackTitle "GM"]
[WhiteElo "2602"]
[BlackElo "2542"]
[WhiteTeam "Moldova"]
[BlackTeam "Estonia"]
[WhiteFideId "13900200"]
[BlackFideId "4500261"]
[EventDate "2019.10.24"]

1. e4 c5 2. Nf3 d6 3. c3 Nf6 4. Be2 g6 5. O-O Bg7 6. Bb5+ Nc6 7. d4 Qb6 8. Na3
cxd4 9. cxd4 O-O 10. d5 Nb8 11. Bd3 Bg4 12. Nc4 Qc7 13. h3 Bxf3 14. Qxf3 Nbd7
15. Bd2 a5 16. Rac1 Nc5 17. Bb1 Nfd7 18. Qe2 Rfb8 19. Qe1 a4 20. Bc3 Bxc3 21.
Qxc3 b5 22. Ne3 b4 23. Qd4 Qd8 24. f4 Qf8 25. e5 Qg7 26. Kh1 b3 27. a3 Rc8 28.
Nc4 Rab8 29. Rc3 Nb7 30. Re1 Rc5 31. Nd2 Rxc3 32. Qxc3 Nbc5 33. Nf3 Nb6 34. Rd1
Qh6 35. Qd4 Rc8 36. f5 Nbd7 37. e6 fxe6 38. dxe6 Nf6 39. Qc3 gxf5 40. Nd4 Qg5
41. Nxf5 Rc7 42. Qa5 Nxe6 43. Qxa4 Nc5 44. Qd4 Ne6 45. Qb4 Rc2 46. g4 Nd7 47.
Qxb3 Re2 48. Qc4 Re5 49. Rf1 d5 50. Qc8+ Nef8 51. Qc3 Ng6 52. a4 e6 53. Nd4 Re3
54. Nf3 Qf4 55. Qc8+ Ngf8 56. Nh2 Qg3 57. Qc2 Qe5 58. Nf3 Qf4 59. Qf2 d4 60. a5
d3 61. a6 Re2 62. Qg1 Ne5 63. Bxd3 Nxd3 64. a7 Qe4 65. Qd4 Qa8 66. Qxd3 Rxb2 67.
Qa3 Rb7 68. Ra1 Ng6 69. Qe3 Rf7 70. Kg1 Nf4 71. Ne1 e5 72. Kh2 Rb7 73. Qxe5 Rb4
74. Qc3 Re4 75. Qf3 Kg7 76. Ng2 Nxg2 77. Qxg2 1-0

[Event "22nd European Teams"]
[Site "Batumi GEO"]
[Date "2019.10.30"]
[Round "6.15"]
[Board "2"]
[White "Volodin, Aleksandr"]
[Black "Schitco, Ivan"]
[Result "1-0"]
[WhiteTitle "GM"]
[BlackTitle "IM"]
[WhiteElo "2491"]
[BlackElo "2492"]
[WhiteTeam "Estonia"]
[BlackTeam "Moldova"]
[WhiteFideId "4501950"]
[BlackFideId "13905465"]
[EventDate "2019.10.24"]

1. d4 d5 2. c4 e6 3. Nf3 a6 4. Bg5 Be7 5. Bxe7 Nxe7 6. e3 Nd7 7. Nbd2 b6 8. cxd5
exd5 9. b4 Nf6 10. Bd3 Qd6 11. Rc1 Bd7 12. Qb3 Bb5 13. O-O c6 14. Ne5 O-O 15.
Rc2 Nd7 16. Nxd7 Qxd7 17. Rfc1 Rfc8 18. Nf3 f6 19. Ne1 Nf5 20. a4 Bxd3 21. Nxd3
Kh8 22. b5 cxb5 23. Qxd5 Qxd5 24. Rxc8+ Qg8 25. Rxg8+ Kxg8 26. axb5 axb5 27. g3
Nd6 28. Nb4 Ne4 29. Rb1 Nd2 30. Rd1 Ne4 31. f3 Ra4 32. Nd5 Ng5 33. h4 Nf7 34. g4
Nd6 35. Rb1 Ra2 36. Nxb6 f5 37. g5 Re2 38. Rb3 Kf7 39. Nd5 Nc4 40. Kf1 Rh2 41.
Kg1 Re2 42. Rxb5 Nd2 43. Nf4 Nxf3+ 44. Kf1 Rd2 45. Rxf5+ Ke8 46. Nh5 Nxh4 47.
Nxg7+ Kd8 48. Rf8+ Kd7 49. Rf7+ Kd8 50. Ne6+ Ke8 51. Rxh7 1-0

[Event "22nd European Teams"]
[Site "Batumi GEO"]
[Date "2019.10.30"]
[Round "6.15"]
[Board "3"]
[White "Svetushkin, Dmitry"]
[Black "Kanep, Meelis"]
[Result "0-1"]
[WhiteTitle "GM"]
[BlackTitle "GM"]
[WhiteElo "2534"]
[BlackElo "2448"]
[WhiteTeam "Moldova"]
[BlackTeam "Estonia"]
[WhiteFideId "13900463"]
[BlackFideId "4501047"]
[EventDate "2019.10.24"]

1. e4 c5 2. Nf3 d6 3. Bb5+ Nd7 4. c3 Nf6 5. Bd3 g5 6. h3 Rg8 7. Bc2 h5 8. d4 g4
9. hxg4 hxg4 10. Nh4 e6 11. g3 b6 12. O-O Bb7 13. Re1 Be7 14. Ng2 Qc7 15. a4 a6
16. Na3 O-O-O 17. b4 Rg7 18. Bh6 Rg6 19. Bf4 e5 20. Bd2 Rh8 21. d5 Rg7 22. Ne3
Rgh7 23. Kf1 Rh2 24. Ke2 Bf8 25. Bd3 Bh6 26. Rc1 Bxe3 27. Bxe3 Nh5 28. Rg1 f5
29. exf5 e4 30. Bb1 Ne5 31. a5 Qf7 32. axb6 Qxf5 33. bxc5 Rf8 34. Qf1 dxc5 35.
c4 Qf3+ 36. Kd2 Nxg3 37. Qe1 Nf5 38. Bxc5 e3+ 39. Bxe3 Nxe3 40. Rc3 Rxf2+ 41.
Kc1 Re2 0-1

[Event "22nd European Teams"]
[Site "Batumi GEO"]
[Date "2019.10.30"]
[Round "6.15"]
[Board "4"]
[White "Seeman, Tarvo"]
[Black "Hamitevici, Vladimir"]
[Result "1/2-1/2"]
[WhiteTitle "IM"]
[BlackTitle "GM"]
[WhiteElo "2394"]
[BlackElo "2472"]
[WhiteTeam "Estonia"]
[BlackTeam "Moldova"]
[WhiteFideId "4500547"]
[BlackFideId "13902393"]
[EventDate "2019.10.24"]

1. Nf3 d5 2. g3 g6 3. Bg2 Bg7 4. d4 c6 5. O-O Nf6 6. b3 O-O 7. c4 Bf5 8. Bb2
Nbd7 9. Nc3 Ne4 10. Rc1 Nb6 11. cxd5 Nxc3 12. Rxc3 Nxd5 13. Rc1 Be4 14. Ne5 Bxg2
15. Kxg2 Qa5 16. a3 Bxe5 17. dxe5 Rfd8 18. Qc2 Nc7 19. Rfd1 Ne6 20. f4 Rxd1 21.
Rxd1 Rd8 22. e4 Rxd1 23. Qxd1 Qd8 24. Qxd8+ Nxd8 25. Bd4 b6 26. b4 Ne6 27. Be3
Nc7 28. a4 Na6 29. a5 Nxb4 30. axb6 axb6 31. Bxb6 Kf8 32. Kf3 Ke8 33. Ke3 Kd7
34. Kd4 Na6 35. g4 e6 36. Kc4 Kc8 37. Ba5 Kd7 38. Bb6 Kc8 39. Ba5 Kd7 1/2-1/2

[Event "22nd European Teams"]
[Site "Batumi GEO"]
[Date "2019.10.30"]
[Round "6.16"]
[Board "1"]
[White "Pechac, Jergus"]
[Black "Georgiev, Kiril"]
[Result "1/2-1/2"]
[WhiteTitle "GM"]
[BlackTitle "GM"]
[WhiteElo "2491"]
[BlackElo "2577"]
[WhiteTeam "Slovakia"]
[BlackTeam "Republic of North Macedonia"]
[WhiteFideId "14926970"]
[BlackFideId "2900017"]
[EventDate "2019.10.24"]

1. d4 Nf6 2. c4 e6 3. Nf3 b6 4. g3 Bb7 5. Bg2 Be7 6. O-O O-O 7. Nc3 Ne4 8. Bd2
f5 9. Qc2 Na6 10. Rad1 Bf6 11. d5 Nac5 12. b4 Nxc3 13. Bxc3 Ne4 14. Bxf6 Qxf6
15. Nd4 a5 16. a3 axb4 17. axb4 Kh8 18. Bxe4 fxe4 19. Qxe4 exd5 20. cxd5 Rae8
21. Qg4 Bxd5 22. Qxd7 c6 23. Qa7 b5 24. f3 Bc4 25. Rf2 Re3 26. Rd2 h6 27. Qc5
Rd8 28. Kg2 Rd5 29. Qb6 Kh7 30. h3 h5 31. g4 Qf4 32. Nf5 Rxf3 33. exf3 Rxd2 34.
Qa7 Rxf2+ 35. Qxf2 hxg4 36. hxg4 Bd5 37. Qh4+ Kg8 38. Ne7+ Kf7 39. Nxd5 1/2-1/2

[Event "22nd European Teams"]
[Site "Batumi GEO"]
[Date "2019.10.30"]
[Round "6.16"]
[Board "2"]
[White "Nedev, Trajko"]
[Black "Ftacnik, Lubomir"]
[Result "1/2-1/2"]
[WhiteTitle "GM"]
[BlackTitle "GM"]
[WhiteElo "2500"]
[BlackElo "2520"]
[WhiteTeam "Republic of North Macedonia"]
[BlackTeam "Slovakia"]
[WhiteFideId "15000605"]
[BlackFideId "14900017"]
[EventDate "2019.10.24"]

1. e4 c5 2. Nf3 d6 3. d4 cxd4 4. Nxd4 Nf6 5. Nc3 a6 6. h3 e5 7. Nb3 Be6 8. f4 g6
9. Be2 Nbd7 10. O-O Rc8 11. Be3 Be7 12. f5 gxf5 13. exf5 Bc4 14. Bxc4 Rxc4 15.
Nd2 Rc6 16. Nde4 d5 17. Nxf6+ Nxf6 18. Bg5 d4 19. Bxf6 Bxf6 20. Ne4 O-O 21. Rf3
Kh8 22. Rg3 Bh4 23. Rg4 Rg8 24. Rxg8+ Qxg8 25. Qe2 Bg3 26. f6 Bf4 27. Rf1 Qg6
28. Qd3 h5 29. h4 Rb6 30. b3 Rc6 31. Rf3 Rc8 32. g3 Be3+ 33. Kg2 b5 34. a3 1/2-1/2

[Event "22nd European Teams"]
[Site "Batumi GEO"]
[Date "2019.10.30"]
[Round "6.16"]
[Board "3"]
[White "Nayhebaver, Martin"]
[Black "Pancevski, Filip"]
[Result "0-1"]
[WhiteTitle "IM"]
[BlackTitle "IM"]
[WhiteElo "2481"]
[BlackElo "2490"]
[WhiteTeam "Slovakia"]
[BlackTeam "Republic of North Macedonia"]
[WhiteFideId "14923432"]
[BlackFideId "15002187"]
[EventDate "2019.10.24"]

1. e4 e5 2. Nf3 Nf6 3. Nxe5 d6 4. Nf3 Nxe4 5. d4 Be7 6. Bd3 Nf6 7. O-O O-O 8. c4
Bg4 9. h3 Bh5 10. d5 Na6 11. Be2 Nd7 12. Nc3 Re8 13. Be3 Bf6 14. Qd2 Nac5 15.
Rac1 a5 16. Rfe1 a4 17. g4 Bg6 18. g5 Bxc3 19. Qxc3 Ne4 20. Qd4 Ne5 21. Nh4 Nxg5
22. Kh2 Ne4 23. Nxg6 Nxg6 24. Bf3 Qh4 25. Rg1 f5 26. Bh1 Re5 27. Rce1 Rf8 28.
Qd1 Nxf2 29. Qf3 Ng4+ 30. Kg2 Qxe1 31. Rxe1 Nh4+ 32. Kg3 Nxf3 0-1

[Event "22nd European Teams"]
[Site "Batumi GEO"]
[Date "2019.10.30"]
[Round "6.16"]
[Board "4"]
[White "Nikolovski, Nikola"]
[Black "Mazur, Stefan"]
[Result "1/2-1/2"]
[WhiteTitle "IM"]
[BlackTitle "IM"]
[WhiteElo "2424"]
[BlackElo "2435"]
[WhiteTeam "Republic of North Macedonia"]
[BlackTeam "Slovakia"]
[WhiteFideId "15002314"]
[BlackFideId "14909332"]
[EventDate "2019.10.24"]

1. e4 e5 2. Nf3 Nc6 3. Bc4 Nf6 4. d3 h6 5. O-O d6 6. c3 g6 7. Re1 Bg7 8. Nbd2
O-O 9. d4 exd4 10. cxd4 Nxe4 11. Nxe4 d5 12. Bxd5 Qxd5 13. Bxh6 Bg4 14. Bxg7
Kxg7 15. Nc3 Qh5 16. d5 Bxf3 17. Qxf3 Qxf3 18. gxf3 Nd4 19. Re4 Nf5 20. Rb4 Rab8
21. Rc4 c6 22. dxc6 bxc6 23. b3 Rbd8 24. Ne4 Rh8 25. Rxc6 Nd4 26. Rc7 Nxf3+ 27.
Kg2 Nh4+ 28. Kf1 Nf3 29. Kg2 Nh4+ 30. Kf1 Nf3 31. Kg2 1/2-1/2

[Event "22nd European Teams"]
[Site "Batumi GEO"]
[Date "2019.10.30"]
[Round "6.17"]
[Board "1"]
[White "Pultinevicius, Paulius"]
[Black "Indjic, Aleksandar"]
[Result "1-0"]
[WhiteTitle "IM"]
[BlackTitle "GM"]
[WhiteElo "2503"]
[BlackElo "2638"]
[WhiteTeam "Lithuania"]
[BlackTeam "Serbia"]
[WhiteFideId "12809390"]
[BlackFideId "911925"]
[EventDate "2019.10.24"]

1. Nf3 c5 2. c4 Nc6 3. Nc3 g6 4. g3 Bg7 5. Bg2 d6 6. O-O Bf5 7. a3 Qd7 8. d3 Bh3
9. Bxh3 Qxh3 10. Nd5 Qd7 11. Rb1 e6 12. Nf4 Nf6 13. b4 h6 14. e3 g5 15. Ne2 e5
16. Qb3 cxb4 17. axb4 Ne7 18. Kg2 O-O 19. e4 Nh7 20. b5 f5 21. c5+ Kh8 22. cxd6
Ng6 23. exf5 Rxf5 24. Nd2 Qxd6 25. Ne4 Qd7 26. Ba3 g4 27. N2c3 Rf3 28. Rbd1 Qf5
29. Nd6 Qh5 30. Nce4 Raf8 31. Rc1 Rxd3 32. Rc3 Rdf3 33. Kg1 Qh3 34. Rfc1 Ne7 35.
Qe6 Rxf2 36. Nxf2 Rxf2 37. Kxf2 Qxh2+ 38. Ke1 Qg1+ 39. Ke2 Qg2+ 40. Kd1 1-0

[Event "22nd European Teams"]
[Site "Batumi GEO"]
[Date "2019.10.30"]
[Round "6.17"]
[Board "2"]
[White "Sedlak, Nikola"]
[Black "Laurusas, Tomas"]
[Result "1-0"]
[WhiteTitle "GM"]
[BlackTitle "IM"]
[WhiteElo "2557"]
[BlackElo "2501"]
[WhiteTeam "Serbia"]
[BlackTeam "Lithuania"]
[WhiteFideId "922900"]
[BlackFideId "12803731"]
[EventDate "2019.10.24"]

1. d4 Nf6 2. Nf3 d5 3. Bf4 c5 4. e3 Nc6 5. Nbd2 Bg4 6. c3 e6 7. Qa4 Nd7 8. Bb5
Qb6 9. O-O a6 10. Be2 Be7 11. Qc2 Rc8 12. h3 Bf5 13. Bd3 Bxd3 14. Qxd3 O-O 15.
b3 cxd4 16. exd4 Rfd8 17. a4 Nf6 18. b4 a5 19. b5 Nb8 20. c4 dxc4 21. Nxc4 Qa7
22. Bc7 Rd5 23. Rfc1 Nbd7 24. Bxa5 Rxc4 25. Qxc4 Qxa5 26. Qc8+ Bd8 27. Qxb7 h6
28. Rc8 Nb6 29. Rb8 Rd7 30. Qa6 Qc3 31. Qxb6 Qxa1+ 32. Kh2 Qc1 33. Rxd8+ Kh7 34.
Rxd7 Qf4+ 35. Kh1 Nxd7 36. Qc6 Nf6 37. Qc2+ Kg8 38. b6 Ne4 39. b7 f5 40. Kg1 Kh7
41. Qc8 Qh2+ 42. Kxh2 1-0

[Event "22nd European Teams"]
[Site "Batumi GEO"]
[Date "2019.10.30"]
[Round "6.17"]
[Board "3"]
[White "Brazdzionis, Andrius"]
[Black "Zajic, Milan"]
[Result "0-1"]
[BlackTitle "GM"]
[WhiteElo "2355"]
[BlackElo "2477"]
[WhiteTeam "Lithuania"]
[BlackTeam "Serbia"]
[WhiteFideId "12804479"]
[BlackFideId "912336"]
[EventDate "2019.10.24"]

1. d4 Nf6 2. c4 e6 3. Nf3 Bb4+ 4. Nbd2 d5 5. g3 O-O 6. Bg2 dxc4 7. O-O b5 8. b3
c3 9. Nb1 Bb7 10. a3 Bd6 11. Nxc3 a6 12. Bf4 Nbd7 13. Qc2 Bxf4 14. gxf4 c5 15.
dxc5 Qc7 16. b4 Qxf4 17. Qd2 Qg4 18. h3 Qh5 19. Qf4 e5 20. Qg3 e4 21. Nd4 Ne5
22. Rfd1 Rae8 23. a4 bxa4 24. b5 axb5 25. Ncxb5 Ng6 26. Nd6 Re5 27. Nxb7 Rg5 28.
c6 Rxg3 29. fxg3 Qe5 30. e3 Nd5 31. Ra3 Qxg3 32. Nf5 Qe5 33. Nbd6 Nge7 34. Nxe7+
Nxe7 35. Rxa4 Nxc6 36. Rxe4 Qh5 37. Rf1 f6 38. Nf5 g5 39. Re6 Ne5 40. Ne7+ Kg7
41. Nf5+ Kh8 42. Ng3 Qh4 43. Nf5 Qc4 44. Nd4 Ng6 45. Be4 Qc3 46. Bb1 Nh4 47. Ba2
Qc7 48. Bd5 Qg3+ 49. Kh1 Qxh3+ 50. Kg1 Qg3+ 51. Kh1 Rb8 52. Ra1 g4 53. Ne2 Qh3+
54. Kg1 g3 0-1

[Event "22nd European Teams"]
[Site "Batumi GEO"]
[Date "2019.10.30"]
[Round "6.17"]
[Board "4"]
[White "Ivic, Velimir"]
[Black "Klabis, Rokas"]
[Result "1/2-1/2"]
[WhiteTitle "IM"]
[BlackTitle "FM"]
[WhiteElo "2525"]
[BlackElo "2321"]
[WhiteTeam "Serbia"]
[BlackTeam "Lithuania"]
[WhiteFideId "950122"]
[BlackFideId "12805246"]
[EventDate "2019.10.24"]

1. e4 e5 2. Nf3 Nc6 3. Bb5 a6 4. Ba4 Nf6 5. O-O b5 6. Bb3 Be7 7. d4 d6 8. dxe5
dxe5 9. Qxd8+ Bxd8 10. a4 b4 11. Be3 Bb7 12. Nbd2 Be7 13. a5 O-O 14. h3 Rad8 15.
Bc4 Nb8 16. Nxe5 Nxe4 17. Nxe4 Bxe4 18. Rfd1 Rxd1+ 19. Rxd1 Bxc2 20. Rc1 b3 21.
Bd3 Bb4 22. Bxc2 bxc2 23. Nc4 Nc6 24. Rxc2 Nxa5 25. Nxa5 Bxa5 26. Rc6 Ra8 27.
Bc5 h6 28. b4 Bb6 29. Bxb6 cxb6 30. Rxb6 a5 1/2-1/2

[Event "22nd European Teams"]
[Site "Batumi GEO"]
[Date "2019.10.30"]
[Round "6.18"]
[Board "1"]
[White "Dervishi, Erald"]
[Black "Vocaturo, Daniele"]
[Result "0-1"]
[WhiteTitle "GM"]
[BlackTitle "GM"]
[WhiteElo "2546"]
[BlackElo "2620"]
[WhiteTeam "Albania"]
[BlackTeam "Italy"]
[WhiteFideId "4700236"]
[BlackFideId "813192"]
[EventDate "2019.10.24"]

1. e4 c5 2. Nf3 e6 3. d4 cxd4 4. Nxd4 Nf6 5. Nc3 Nc6 6. Ndb5 Bc5 7. Nd6+ Ke7 8.
Nc4 d5 9. e5 Nd7 10. Bg5+ f6 11. exf6+ gxf6 12. Nxd5+ exd5 13. Qxd5 Qg8 14.
Bxf6+ Kxf6 15. Qf3+ Kg7 16. O-O-O Qf7 17. Qg3+ Qg6 18. Qc3+ Nf6 19. Bd3 Bf5 20.
Bxf5 Qxf5 21. Rd3 Rhf8 22. Rf3 Qg5+ 23. Kb1 Kh8 24. h4 Qxg2 25. Re1 Bb4 0-1

[Event "22nd European Teams"]
[Site "Batumi GEO"]
[Date "2019.10.30"]
[Round "6.18"]
[Board "2"]
[White "Moroni, Luca Jr"]
[Black "Mehmeti, Dritan"]
[Result "1/2-1/2"]
[WhiteTitle "GM"]
[BlackTitle "IM"]
[WhiteElo "2553"]
[BlackElo "2359"]
[WhiteTeam "Italy"]
[BlackTeam "Albania"]
[WhiteFideId "865834"]
[BlackFideId "4700600"]
[EventDate "2019.10.24"]

1. d4 Nf6 2. c4 e6 3. Nc3 d5 4. cxd5 exd5 5. Bg5 Be7 6. e3 c6 7. Bd3 Be6 8. h3
O-O 9. Qc2 h6 10. Bf4 c5 11. dxc5 Nc6 12. Nf3 d4 13. exd4 Nxd4 14. Nxd4 Qxd4 15.
Be3 Qe5 16. Ne2 Rac8 17. Rc1 b6 18. Bd4 Qg5 19. Qd2 Qxd2+ 20. Kxd2 bxc5 21. Bxf6
Bxf6 22. b3 Rfd8 23. Ke3 Re8 24. Kf3 Bd5+ 25. Kg3 Be5+ 26. f4 Bf6 27. Rhd1 Bb7
28. Kf2 g5 29. Bf5 Rc7 30. Rd6 Bg7 31. fxg5 hxg5 32. Rc2 Be5 33. Rd7 Rec8 34.
Rd1 Re8 35. Rd7 Rec8 36. Rd1 Re8 37. Rd7 Rec8 1/2-1/2

[Event "22nd European Teams"]
[Site "Batumi GEO"]
[Date "2019.10.30"]
[Round "6.18"]
[Board "3"]
[White "Ashiku, Franc"]
[Black "Valsecchi, Alessio"]
[Result "1/2-1/2"]
[WhiteTitle "FM"]
[BlackTitle "GM"]
[WhiteElo "2424"]
[BlackElo "2504"]
[WhiteTeam "Albania"]
[BlackTeam "Italy"]
[WhiteFideId "4700066"]
[BlackFideId "818860"]
[EventDate "2019.10.24"]

1. c4 c5 2. Nf3 Nc6 3. Nc3 g6 4. e3 Nf6 5. d4 cxd4 6. exd4 d5 7. cxd5 Nxd5 8.
Qb3 e6 9. Bb5 Bg7 10. Nxd5 Qxd5 11. Qxd5 exd5 12. O-O f6 13. Be3 Bd7 14. Rfc1
Bf8 15. Ne1 Nd8 16. Bxd7+ Kxd7 17. Nd3 Ne6 18. Nf4 Nxf4 19. Bxf4 Bd6 20. Bxd6
Kxd6 21. Kf1 Rac8 22. Ke2 Rc4 23. Kd3 Rhc8 24. Rc3 Re8 25. Rcc1 Rb4 26. b3 a5
27. Re1 Rxe1 28. Rxe1 Rb6 29. Re8 a4 30. Kc3 Rc6+ 31. Kb2 axb3 32. axb3 Rc7 33.
Rd8+ Ke6 34. Re8+ Kd7 35. Rf8 Ke7 36. Rh8 Ke6 37. Re8+ Kd7 38. Rf8 Ke7 39. Rh8
Ke6 40. Re8+ 1/2-1/2

[Event "22nd European Teams"]
[Site "Batumi GEO"]
[Date "2019.10.30"]
[Round "6.18"]
[Board "4"]
[White "Lodici, Lorenzo"]
[Black "Pasko, Llambi"]
[Result "1-0"]
[WhiteTitle "IM"]
[BlackTitle "IM"]
[WhiteElo "2469"]
[BlackElo "2443"]
[WhiteTeam "Italy"]
[BlackTeam "Albania"]
[WhiteFideId "884189"]
[BlackFideId "4701178"]
[EventDate "2019.10.24"]

1. e4 c6 2. Nc3 d5 3. Nf3 dxe4 4. Nxe4 Nf6 5. Qe2 Nxe4 6. Qxe4 Nd7 7. Bc4 Nf6 8.
Ne5 e6 9. Qe2 Qd4 10. c3 Qe4 11. Qxe4 Nxe4 12. d4 Bd6 13. O-O O-O 14. Be2 Nf6
15. Bf3 Rd8 16. Nd3 Rb8 17. c4 Bc7 18. Be3 Bd7 19. Rfd1 Be8 20. g4 Nd7 21. Re1
Nf8 22. Rad1 Ng6 23. Be4 Bb6 24. Nc5 Ba5 25. Rf1 Bc7 26. f4 Nf8 27. Bf3 a5 28.
Rfe1 Bd6 29. Nd3 f6 30. Bd2 Bc7 31. Bc3 Ng6 32. Be4 Nxf4 33. Nxf4 Bxf4 34. Bxa5
b6 35. Bc3 b5 36. Ba5 Rdc8 37. c5 Ra8 38. b4 Bc7 39. Bxc7 Rxc7 40. d5 cxd5 41.
Rxd5 Ra4 42. Rd4 e5 43. Bc2 Rxa2 44. Bb3+ Kf8 45. Bxa2 exd4 46. Rd1 Rd7 47. Kf2
Bg6 48. Be6 Re7 49. Bf5 Bxf5 50. gxf5 Rd7 51. Kf3 Ke8 52. Ke4 Re7+ 53. Kd5 Kd7
54. Kxd4 Re2 55. Rg1 Rxh2 56. Rxg7+ Kc6 57. Rf7 Rh4+ 58. Kc3 Rh6 59. Kd4 Rh4+
60. Kc3 Rh6 61. Kd3 Rh3+ 62. Ke2 Rh6 63. Kf3 Rh3+ 64. Kg4 Rb3 65. Rxf6+ Kd5 66.
Rd6+ Ke5 67. f6 Rxb4+ 68. Kg5 Rb1 69. Kh6 b4 70. f7 Rh1+ 71. Kg7 1-0